000 00354nam a22001577a 4500
003 SGT
020 _a978-0-7020-5015-2
082 _a616.0757
_bC14P
100 _aPOZNIAK, MYRON A.
245 _aCLINICAL DOPPLER ULTRASOUND
250 _a3RD
260 _aEDINBURGH
_bCHURCHILL PUB
_c2014
300 _a390
650 _aRADIOLOGY
942 _2ddc
_cBK
999 _c19698
_d19698